000 00356nam a2200145Ia 4500
008 190704s9999||||xx |||||||||||||| ||und||
020 _a9780415262699
082 _a025.431
_bWHI/A
100 _aNelmes, Jill
245 3 _aAn Introduction to FILM STUDIES
250 _a3rd Edition
260 _aNew Yark
_bRoutiedge
_c2006
300 _a500p
942 _cBK
999 _c6107
_d6107